000 00893cam a2200265 a 4500
001 15778332
003 ARRUPE
005 20140925164604.0
008 090617s2008 rh a 000 0 eng
010 _a 2009334262
020 _a9780797436046
040 _aDLC
_cDLC
_dDLC
042 _alcode
043 _af-rh---
050 0 0 _aHN49.C6
_bB724 2008
245 0 0 _aRising again :
_bcommunity views on local control over local resources.
260 _a[Harare] :
_bBookteam, Africa Community Publishing and Development Trust,
_c2008.
300 _a152 p. :
_bill. ;
_c21 cm.
650 0 _aCommunity development
_zZimbabwe.
_911776
650 0 _aNatural resources
_zZimbabwe
_xManagement.
_911777
710 2 _aACPD Bookteam.
_911778
906 _a7
_bcbc
_corigode
_d3
_encip
_f20
_gy-gencatlg
942 _2lcc
_cMONOGRAPH
999 _c120991
_d120991